Calculus : (Record no. 206)

MARC details
000 -LEADER
fixed length control field 01166cam a2200349 i 4500
003 - CONTROL NUMBER IDENTIFIER
control field EG-ScBUE
005 - DATE AND TIME OF LATEST TRANSACTION
control field 20241007114506.0
008 - FIXED-LENGTH DATA ELEMENTS--GENERAL INFORMATION
fixed length control field 150817t2003 nyua f 001 0 eng d
020 ## - INTERNATIONAL STANDARD BOOK NUMBER
International Standard Book Number 0471231207 (acid-free paper)
020 ## - INTERNATIONAL STANDARD BOOK NUMBER
International Standard Book Number 0471383769
020 ## - INTERNATIONAL STANDARD BOOK NUMBER
International Standard Book Number 978047138376
040 ## - CATALOGING SOURCE
Original cataloging agency EG-ScBUE
Language of cataloging eng
Description conventions rda
Transcribing agency EG-ScBUE
Modifying agency EG-ScBUE
082 04 - DEWEY DECIMAL CLASSIFICATION NUMBER
Classification number 515
Item number SAL
Edition number 22
100 1# - MAIN ENTRY--PERSONAL NAME
Personal name Salas, Saturnino L.,
Relator term author.
9 (RLIN) 26124
245 10 - TITLE STATEMENT
Title Calculus :
Remainder of title one and several variables /
Statement of responsibility, etc Salas, Hille, Etgen.
250 ## - EDITION STATEMENT
Edition statement Ninth edition.
250 ## - EDITION STATEMENT
Edition statement Wiley international edition.
264 #1 - PUBLICATION, DISTRIBUTION, ETC. (IMPRINT)
Place of publication, distribution, etc New York :
Name of publisher, distributor, etc J. Wiley & Sons,
Date of publication, distribution, etc [2003]
264 #4 - PUBLICATION, DISTRIBUTION, ETC. (IMPRINT)
Date of publication, distribution, etc c2003
300 ## - PHYSICAL DESCRIPTION
Extent 1 volume (various pagings) :
Other physical details illustrations ;
Dimensions 28 cm
336 ## - CONTENT TYPE
Source rdacontent
Content type term text
Content type code txt
337 ## - MEDIA TYPE
Media type term unmediated
Source rdamedia
Media type code n
338 ## - CARRIER TYPE
Carrier type term volume
Carrier type code nc
Source rdacarrier
500 ## - GENERAL NOTE
General note Includes index.
650 #7 - SUBJECT ADDED ENTRY--TOPICAL TERM
Topical term or geographic name as entry element Calculus.
Source of heading or term BUEsh
651 ## - SUBJECT ADDED ENTRY--GEOGRAPHIC NAME
Source of heading or term BUEsh
655 ## - INDEX TERM--GENRE/FORM
Form subdivision Reading book
700 1# - ADDED ENTRY--PERSONAL NAME
Personal name Hille, Einar,
Dates associated with a name 1894-
Relator term author.
9 (RLIN) 26126
700 1# - ADDED ENTRY--PERSONAL NAME
Personal name Etgen, Garret J.,
Dates associated with a name 1937-
Relator term author.
9 (RLIN) 26127
856 41 - ELECTRONIC LOCATION AND ACCESS
Materials specified Table of contents
Uniform Resource Identifier <a href="http://www.loc.gov/catdir/toc/wiley031/2002190823.html">http://www.loc.gov/catdir/toc/wiley031/2002190823.html</a>
942 ## - ADDED ENTRY ELEMENTS (KOHA)
Koha item type Book - Borrowing
Call number prefix 515S161
Source of classification or shelving scheme Dewey Decimal Classification
Holdings
Withdrawn status Lost status Materials specified (bound volume or other part) Damaged status Not for loan Home library Current library Shelving location Date acquired Source of acquisition Total Checkouts Total Renewals Full call number Barcode Date last seen Date checked out Cost, replacement price Price effective from Koha item type Source of classification or shelving scheme Collection code
  Lost Lost_In_Inventory_12-2-2024     Central Library Central Library First floor 06/02/2014 Purchase 19 20 515 SAL 000004518 24/08/2022 15/10/2019 240.00 14/02/2006 Book - Borrowing    
          Central Library Central Library First floor 06/02/2014 Purchase     515 SAL 000004517 12/02/2024   240.00 14/02/2006 NB - Book (Non borrowing) Dewey Decimal Classification Alahram
  Lost Lost_In_Inventory_12-2-2024     Central Library Central Library First floor 07/06/2013 Purchase 2 8 515 SAL 000030200 24/08/2022 22/12/2016     Book - Borrowing Dewey Decimal Classification